LEADER 01119nam a2200265 i 4500 001 000000122458 003 CaOOAMICUS 005 20040203000000.0 008 040203s1979 it u000 u ita u 013 $a95153 040 $aSeMil$bita 100 1 $aCiti, Duilio.$0(OLS)http://semarc/name/50916 245 13$aIl Piemonte. La Val d'Aosta /$c[testo di Sandro Chierici]. La Liguria / [testo di Duilio Citi]. 260 $aMilano :$bJaca Book,$c1979. 300 $a485, 153 p. (numerazione non consecutiva) :$briccamente ill. ;$c23 cm. 490 0 $aItalia romanica ;$v2 490 0 $aGià e non ancora. Arte ;$v2 500 $aContiene : Bibliografia. 700 1 $aChierici, Sandro.$0(OLS)http://semarc/name/5298 830 0$aItalia romanica ;$v2.$0(OLS)http://semarc/title/14446 830 0$aGià e non ancora. Arte ;$v2.$0(OLS)http://semarc/title/14448 850 $aSeMil 852 $aSeMil$W1$xVenegono$y1$m5I VI 2$j77425$B77425$CSeMilBibl$Z2$F79323 $81 996 $6245$aIl Piemonte. La Val d'Aosta$9(OLS)http://semarc/title/180395 996 $6260$aMilano :$bJaca Book$9(OLS)http://semarc/publisher/29781 LEADER 01599nam a2200313 i 4500 001 000000193207 003 CaOOAMICUS 005 20101015000000.0 008 101015s2008 it u000 u ita u 013 $a171847 020 $a978-88-7839-113-0 040 $aSeMil$bita 100 1 $aLouay, Shabani.$0(OLS)http://semarc/name/70390 245 10$aSantificazione e valore salvifico del matrimonio :$bstudio esegetico-teologico di 1Cor 7,12-16 ed Ef 5,25-33 /$cShabani Louay. 260 $aRoma :$bPontificia Università Gregoriana,$c2008. 300 $a321 p. ;$c24 cm. 490 0 $aTesi Gregoriana. Serie Teologia ;$v158 500 $aContiene : Bibliografia (pp. [299]-313). 650 4$aBibbia - Tema [del] Matrimonio.$0(OLS)http://semarc/subject/5977 650 4$aBibbia - Matrimoni misti.$0(OLS)http://semarc/subject/27207 650 4$aBibbia - NT - 1 Corinzi 7,12-16.$0(OLS)http://semarc/subject/36334 650 4$aBibbia - NT - Lettera agli Efesini, 5,25-33.$0(OLS)http://semarc/subject/36335 830 0$aTesi Gregoriana. Serie Teologia ;$v158.$0(OLS)http://semarc/title/351 850 $aSeMil 852 $aSeMil$W1$xVenegono$y1$m2M VI 258$j143781$B143781$CSeMilBibl$Z2$F155266 $81 961 $aSottoscrizione: Pontificia Università Gregoriana 996 $6020$a978-88-7839-113-0$9(OLS)http://semarc/number/184589 996 $6245$aSantificazione e valore salvifico del matrimonio :$bstudio esegetico-teologico di 1Cor 7,12-16 ed Ef 5,25-33$9(OLS)http://semarc/title/278533 996 $6260$aRoma :$bPontificia Università Gregoriana$9(OLS)http://semarc/publisher/29750